• 首页
  • 本馆介绍
  • 公告通知
  • 最新文献
  • 馆藏检索
  • 电子资源
  • 读者导购
  • 参考咨询
  • 我的图书馆
  • 登录
  • 详细信息显示
  • 放入我的书架
  • 预约/预借图书
  • 作者相关作品
  • 分类相关作品
  • 丛书相关作品
  • 出版社相关作品

书目信息

  • 表格格式
  • 工作单格式
  • 卡片格式
题名:
鲁迅手稿全集
    
 
作者: ;鲁迅手稿全集编辑委员会 编
分册: 第一册  
出版信息: 北京   文物出版社  1978
页数: 213页
开本: 26cm
丛书名:
单 册:
中图分类: I210.8
科图分类:
主题词: 鲁迅著作--手稿--全集 , 鲁迅书简--手稿--1904 ̄1925
电子资源:
ISBN:
000 00737nam0 2200229 45
001 0178003638
005 20060605161944.87
010    @dCNY3.60
091    @a10068.539
100    @a19950718d1978 em y0chiy0121 ea
101 0  @achi
102    @aCN@b110000
105    @ay z 000ey
200 10 @a鲁迅手稿全集@Alu xun shou gao quan ji@e书信@h第一册@f鲁迅手稿全集编辑委员会编@Flu xun shou gao quan ji bian ji wei yuan hui bian
210    @a北京@c文物出版社@d1978
215    @a213页@d26cm
606    @a鲁迅著作@x手稿@x全集
606    @a鲁迅书简@x手稿@z1904 ̄1925
690    @aI210.8@v3
711 02 @a鲁迅手稿全集编辑委员会@Alu xun shou gao quan ji bian ji wei yuan hui@4编
801  0 @aCN@bTSSF@c20060605
905    @a10447@dI210.8@e31:1
    
    鲁迅手稿全集:书信.第一册/鲁迅手稿全集编辑委员会编.-北京:文物出版社,1978
    213页;26cm
    
    
    ISBN :CNY3.60
    
●
相关链接 在E读中查询图书 在五车中查询图书 在当当中查询图书 在豆瓣中查询图书


正题名:鲁迅手稿全集     索取号:I210.8/31:1         预约/预借

序号 登录号 条形码 馆藏地/架位号 状态 备注
1 0420595   204205957   密集书库/ [索取号:I210.8/31:1] 在馆    
2 0420596   204205966   密集书库/ [索取号:I210.8/31:1] 在馆    
唐山师范学院图书馆 欢迎您!
大连网信软件有限公司© 版权所有